| LEADER 00000nam 2200000uu 4500 |
| 001 13399112409 |
| 003 ULIBM |
| 008 260409s2568||||th 000 0 tha d |
| 020 ^aa9786161634889 |
| 082 0 ^aWY101^bส747อ 2568 ล.1 |
| 110 2 ^aมหาวิทยาลัยสุโขทัยธรรมาธิราช^bสาขาวิชาพยาบาลศาสตร์ |
| 245 ^a ^a1111^bConcept, nursing theory and nursing process / |
| 246 3 ^aมโนมติทฤษฎีการพยาบาลและกระบวนการพยาบาล 1 |
| 246 3 ^aConcept, nursing theory and nursing process 1 |
| 250 ^aพิมพ์ครั้งที่ 1 |
| 300 ^aเล่ม 1 ; ^c26 ซม. |
| 505 2 ^aสารบัญ : หน่วยที่ 1 การพยาบาลกับความเป็นวิชาชีพ--หน่วยที่ 2 พัฒนาการของวิชาชีพการพยาบาล --หน่วยที่ 3 องค์กรวิชาชีพทางการพยาบาล --หน่วยที่ 4 จรรยาบรรณวิชาชีพ กฎหมายที่เกี่ยวข้องกับการประกอบวิชาชีพการพยาบาลและการผดุงครรภ์ --หน่วยที่ 5 ระบบสุขภาพและปัจจัยที่มีผลต่อวิชาชีพการพยาบาล --หน่วยที่ 6 ความรู้ทางการพยาบาลและกระบวนการพยาบาล --หน่วยที่ 7 ทฤษฎีการพยาบาล 1 --หน่วยที่ 8 ทฤษฎีการพยาบาล 2 |
| 650 4 ^aทฤษฎีการพยาบาล |
| 650 4 ^aการพยาบาลครอบครัว |
| 999 ^aกงใจ ไชยทองดี |